000 00590nam a2200217Ia 4500
003 OSt
005 20220928144624.0
006 a|||||r|||| 00| 0
007 ta
008 220927b |||||||| |||| 00| 0 eng d
024 _a72553
037 _cTextual
040 _aSDCL
_cSDCL
_beng
041 _2eng
_aeng
082 _aO157,1M61:g, M6
100 _aDanil ' Chuk A P Ghatyuk
_9508760
245 0 _aTagore India and Soviet Union
_b A dream fulfilled
260 _c1986
942 _hO157,1M61:g, M6
_cTEXL
_2CC
999 _c828541
_d828541